[Event "First Saturday 2009 november FM-A"]
[Site "Budapest"]
[Date "2009.11.07"]
[Round "1"]
[White "Mester, Attila"]
[Black "Mayer, Istvan"]
[Result "1/2-1/2"]
[WhiteElo "2092"]
[BlackElo "2152"]
[PlyCount "83"]
[EventDate "2009.11.07"]

1. e4 e6 2. d3 d5 3. Nd2 c5 4. Ngf3 Nc6 5. g3 Nf6 6. Bg2 dxe4 7. dxe4 e5 8. O-O
Qc7 9. c3 h6 10. a4 Be6 11. Qe2 Be7 12. Re1 O-O-O 13. Nc4 Rhe8 14. Nfd2 g5 15.
Nb3 Qd7 16. Bf1 Kb8 17. a5 Qc7 18. f3 Nd7 19. Be3 f5 20. exf5 Bxf5 21. Qf2 b6
22. axb6 axb6 23. Ra6 Be6 24. Rea1 Qb7 25. Ncd2 Kc7 26. Bb5 Ra8 27. Qe2 Reb8
28. Bf2 Rf8 29. Qe4 Rxa6 30. Bxa6 Qb8 31. Bb5 Nd8 32. Ra8 Qb7 33. Qa4 Nc6 34.
Bxc6 Bxb3 35. Qxb3 Qxc6 36. Rxf8 Bxf8 37. Qf7 Qf6 38. Qe8 Qf5 39. Qa8 Qd3 40.
Qa7+ Kd8 41. Qa8+ Kc7 42. Qa7+ 1/2-1/2

[Event "First Saturday 2009 november FM-A"]
[Site "Budapest"]
[Date "2009.11.07"]
[Round "1"]
[White "Lantos, Attila"]
[Black "Lakat, Gyula"]
[Result "1-0"]
[WhiteElo "2005"]
[BlackElo "1956"]
[PlyCount "120"]
[EventDate "2009.11.07"]

1. e4 c5 2. Nf3 d6 3. d4 cxd4 4. Nxd4 Nf6 5. Nc3 a6 6. Bg5 e6 7. f4 Be7 8. Qf3
Nc6 9. O-O-O Qc7 10. Kb1 Bd7 11. Nxc6 Bxc6 12. Bd3 b5 13. Rhe1 Qb7 14. Rd2 h6
15. Qh3 O-O-O 16. Bxf6 Bxf6 17. Nd1 Kb8 18. Rde2 Rd7 19. Nf2 Bd4 20. Qg3 f6 21.
Nd1 g5 22. Qg4 Re7 23. c3 Bb6 24. fxg5 hxg5 25. g3 Be8 26. Rd2 Bh5 27. Qh3 Qc8
28. Qf1 Rf7 29. a4 bxa4 30. Bxa6 Qc5 31. Qd3 Ka7 32. Ne3 Bg6 33. Nc2 d5 34. Ka1
Bxe4 35. Qe2 Rfh7 36. Nb4 Rxh2 37. Qd1 Rxd2 38. Qxd2 Qf2 39. Be2 Rc8 40. Qd1
Rc5 41. Rf1 Qxg3 42. Rxf6 Qc7 43. Qf1 Bf5 44. Na6 Qe7 45. Rxf5 exf5 46. Nxc5
Bxc5 47. Bd1 Qd7 48. Qd3 Kb6 49. Be2 g4 50. Qa6+ Kc7 51. Bb5 Qd6 52. Qxa4 g3
53. Bf1 f4 54. Bg2 Qe5 55. Qa5+ Bb6 56. Qb5 Qe1+ 57. Ka2 f3 58. Bxf3 Qe6 59.
Bxd5 Qd6 60. Bg2 Qc5 1-0

[Event "First Saturday 2009 november FM-A"]
[Site "Budapest"]
[Date "2009.11.07"]
[Round "1"]
[White "Radnai, Adam"]
[Black "Johansen, Arlid"]
[Result "1-0"]
[WhiteElo "2229"]
[BlackElo "2084"]
[PlyCount "67"]
[EventDate "2009.11.07"]

1. e4 c6 2. Ne2 d5 3. e5 e6 4. d4 c5 5. c3 Nc6 6. a3 Nge7 7. b4 cxd4 8. cxd4
Nf5 9. Bb2 Bd7 10. Ng3 Nh4 11. Nd2 Be7 12. Nf3 O-O 13. Nxh4 Bxh4 14. Bd3 f5 15.
O-O g6 16. Ne2 Rc8 17. Nc3 a6 18. Re1 Be7 19. Bf1 Na7 20. Qb3 Bb5 21. Nxb5 axb5
22. a4 Qb6 23. Red1 Rc6 24. axb5 Nxb5 25. Ra5 Nc7 26. Ba3 Ra8 27. Qa4 Re8 28.
b5 Rc2 29. Bxe7 Rxe7 30. Ra1 Rd2 31. Qb4 Qxd4 32. Qxe7 Qxf2+ 33. Kh1 Qxg2+ 34.
Bxg2 1-0

[Event "First Saturday 2009 november FM-A"]
[Site "Budapest"]
[Date "2009.11.07"]
[Round "1"]
[White "Henirchsen, Jens"]
[Black "Zoltan, Andras"]
[Result "1/2-1/2"]
[WhiteElo "1975"]
[BlackElo "1995"]
[PlyCount "129"]
[EventDate "2009.11.07"]

1. d4 Nf6 2. Nf3 d5 3. c4 c6 4. Nc3 e6 5. e3 Nbd7 6. Bd3 dxc4 7. Bxc4 b5 8. Bd3
Bd6 9. O-O a6 10. e4 e5 11. Kh1 O-O 12. dxe5 Bxe5 13. Nxe5 Nxe5 14. Bc2 Qb6 15.
Be3 Qc7 16. Bf4 Qe7 17. Qe2 Bb7 18. Bxe5 Qxe5 19. f4 Qh5 20. Qxh5 Nxh5 21. e5
f5 22. Bb3+ Kh8 23. Rad1 Rad8 24. Rxd8 Rxd8 25. Bf7 b4 26. Ne2 g6 27. e6 Nf6
28. e7 Rd7 29. e8=Q+ Nxe8 30. Bxe8 Re7 31. Bxc6 Bxc6 32. Nd4 Bd5 33. a3 bxa3
34. bxa3 Re4 35. Nf3 Rxf4 36. Kg1 Ra4 37. Ra1 Bxf3 38. gxf3 Kg7 39. Kg2 g5 40.
Kg3 Kg6 41. Ra2 f4+ 42. Kg2 Kf5 43. h3 h5 44. Ra1 Ke5 45. Re1+ Kd6 46. Rd1+ Kc5
47. Ra1 a5 48. Kf2 Rc4 49. Ra2 a4 50. Re2 Kd5 51. Rd2+ Rd4 52. Rb2 Rd3 53. Rb5+
Kc6 54. Rxg5 Rxa3 55. Rxh5 Ra2+ 56. Kg1 a3 57. Ra5 Kb6 58. Ra8 Kb7 59. Ra4 Kc6
60. h4 Kd6 61. h5 Ke6 62. h6 Kf7 63. Rxf4+ Kg6 64. Ra4 Kxh6 65. Ra5 1/2-1/2

[Event "First Saturday 2009 november FM-A"]
[Site "Budapest"]
[Date "2009.11.07"]
[Round "1"]
[White "Hocevar, Nikola"]
[Black "Rendi, Eva"]
[Result "0-1"]
[WhiteElo "2104"]
[BlackElo "2128"]
[PlyCount "120"]
[EventDate "2009.11.07"]

1. d4 Nf6 2. Nf3 g6 3. Nbd2 d5 4. e3 Bg7 5. Bd3 O-O 6. b3 c5 7. Bb2 cxd4 8.
exd4 Nc6 9. a3 Nh5 10. g3 Bh3 11. Bf1 Qd7 12. Qe2 Rac8 13. Bxh3 Qxh3 14. Qd3
Qe6+ 15. Qe2 Qf5 16. Qd3 Qxd3 17. cxd3 Nb8 18. Kd1 Rc7 19. Rc1 Rfc8 20. Rxc7
Rxc7 21. Re1 Nc6 22. Ne5 Nf6 23. f4 Ne8 24. Nxc6 bxc6 25. Nf3 Nd6 26. Kd2 Rb7
27. Kc2 Kf8 28. a4 h5 29. Ba3 Nf5 30. Bc5 Ke8 31. Ne5 Bxe5 32. fxe5 Kd7 33. Kc3
Ke6 34. b4 a6 35. Re2 Rb8 36. Kd2 g5 37. Re1 g4 38. Kc3 Rh8 39. b5 axb5 40.
axb5 cxb5 41. Ra1 h4 42. Ra6+ Kd7 43. Ra7+ Kc6 44. Bxe7 hxg3 45. hxg3 Nxg3 46.
Bf6 Rg8 47. Kd2 Nf5 48. e6 fxe6 49. Ke2 g3 50. Ra6+ Kb7 51. Ra1 Kb6 52. Kf1 Rf8
53. Be5 Ne3+ 54. Ke2 Nc2 55. Rg1 Rf2+ 56. Kd1 g2 57. Bh2 Ne3+ 58. Ke1 Ra2 59.
Bf4 Ra1+ 60. Kf2 Rf1+ 0-1

[Event "First Saturday 2009 november FM-A"]
[Site "Budapest"]
[Date "2009.11.08"]
[Round "2"]
[White "Zoltan, Andras"]
[Black "Hocevar, Nikola"]
[Result "1/2-1/2"]
[WhiteElo "1995"]
[BlackElo "2104"]
[PlyCount "44"]
[EventDate "2009.11.07"]

1. e4 c5 2. Nf3 g6 3. d4 cxd4 4. Qxd4 Nf6 5. e5 Nc6 6. Qc3 Nd5 7. Qd2 e6 8. Bb5
Bg7 9. Bxc6 bxc6 10. O-O Ba6 11. Re1 d6 12. b3 O-O 13. c4 Ne7 14. Bb2 dxe5 15.
Bxe5 Qxd2 16. Nbxd2 Rad8 17. Bxg7 Kxg7 18. Ne4 Bc8 19. Nc5 Rd6 20. Ne4 Rd3 21.
Ne5 Rd4 22. Nf3 Rd3 1/2-1/2

[Event "First Saturday 2009 november FM-A"]
[Site "Budapest"]
[Date "2009.11.08"]
[Round "2"]
[White "Johansen, Arlid"]
[Black "Henrichsen, Jens"]
[Result "1-0"]
[WhiteElo "2084"]
[BlackElo "1975"]
[PlyCount "81"]
[EventDate "2009.11.07"]

1. c4 Nf6 2. g3 e6 3. Bg2 c5 4. Nf3 b6 5. O-O Bb7 6. Nc3 a6 7. Re1 Be7 8. e4 d6
9. d4 cxd4 10. Nxd4 Qc7 11. Qe2 O-O 12. Be3 Nbd7 13. Rac1 Rac8 14. b3 Qb8 15.
f4 Nc5 16. Bf2 Rfd8 17. f5 e5 18. Nc2 b5 19. g4 bxc4 20. bxc4 Qc7 21. h4 Nxg4
22. Qxg4 Nd3 23. Ne3 Nxe1 24. Rxe1 Bf8 25. h5 Kh8 26. Ncd5 Bxd5 27. Nxd5 Qb7
28. Bh4 Qa7+ 29. Kh2 Re8 30. h6 Rxc4 31. hxg7+ Bxg7 32. Nf6 Rb8 33. Qh5 h6 34.
Ng4 f6 35. Nxh6 Bxh6 36. Qxh6+ Qh7 37. Qxf6+ Kg8 38. Re3 Rc7 39. Rh3 Rb2 40.
Qe6+ Rf7 41. Bf6 1-0

[Event "First Saturday 2009 november FM-A"]
[Site "Budapest"]
[Date "2009.11.08"]
[Round "2"]
[White "Lakat, Gyula"]
[Black "Radnai, Adam"]
[Result "1-0"]
[WhiteElo "1956"]
[BlackElo "2229"]
[PlyCount "57"]
[EventDate "2009.11.07"]

1. d4 Nf6 2. Nf3 g6 3. c4 Bg7 4. Nc3 O-O 5. e4 d6 6. Be2 c5 7. O-O Na6 8. h3
cxd4 9. Nxd4 Nc5 10. Bf3 a5 11. Be3 Bd7 12. Qd2 Qb8 13. g4 h5 14. g5 Ne8 15.
Nd5 Qd8 16. h4 Rb8 17. Rab1 e6 18. Nc3 f5 19. exf5 gxf5 20. Ndb5 Bxb5 21. cxb5
Ne4 22. Nxe4 fxe4 23. Bxe4 d5 24. Bg6 Nd6 25. Qe2 Qd7 26. Qxh5 Bh8 27. Bc5 Be5
28. Rbe1 Bf4 29. Rxe6 1-0

[Event "First Saturday 2009 november FM-A"]
[Site "Budapest"]
[Date "2009.11.08"]
[Round "2"]
[White "Mayer, Istvan"]
[Black "Lantos, Attila"]
[Result "1-0"]
[WhiteElo "2152"]
[BlackElo "2005"]
[PlyCount "79"]
[EventDate "2009.11.07"]

1. e4 c5 2. Nf3 e6 3. d4 Qc7 4. Nc3 a6 5. d5 d6 6. dxe6 fxe6 7. a4 Nc6 8. g3
Nf6 9. Bg2 Be7 10. O-O O-O 11. Be3 Rb8 12. Nh4 b5 13. axb5 axb5 14. f4 b4 15.
Nb1 Ne8 16. Nf3 Nf6 17. Nbd2 Ng4 18. Qe2 Nxe3 19. Qxe3 Bf6 20. c3 bxc3 21. bxc3
g6 22. h4 Bg7 23. Kh2 Rb2 24. Nc4 Rb3 25. e5 d5 26. Qxc5 Rxc3 27. Qd6 Qxd6 28.
Nxd6 Bd7 29. Rfc1 Rb3 30. Ra6 Nb8 31. Ra7 Rd8 32. Nb7 Rc8 33. Rxc8+ Bxc8 34.
Nc5 Rb6 35. Ng5 h6 36. Ngxe6 Bxe6 37. Nxe6 Rxe6 38. Bxd5 Kf8 39. Bxe6 Nc6 40.
Rf7+ 1-0

[Event "First Saturday 2009 november FM-A"]
[Site "Budapest"]
[Date "2009.11.08"]
[Round "2"]
[White "Darazs, Zoltan"]
[Black "Mester, Attila"]
[Result "1-0"]
[WhiteElo "2232"]
[BlackElo "2092"]
[PlyCount "83"]
[EventDate "2009.11.07"]

1. Nf3 Nf6 2. g3 g6 3. Bg2 Bg7 4. O-O O-O 5. d4 d6 6. c4 Nc6 7. Nc3 a6 8. e4 e5
9. dxe5 Nxe5 10. Nxe5 dxe5 11. Qb3 c6 12. a4 a5 13. Be3 Nd7 14. f4 exf4 15.
gxf4 Bh6 16. Qc2 Qe7 17. Qf2 Rb8 18. Rae1 Bg7 19. e5 Qe6 20. b3 b6 21. Rd1 Nc5
22. Rd6 Qg4 23. h3 Qh5 24. Rxc6 Nxb3 25. Rb1 Bb7 26. Rxb3 Bxc6 27. Bxc6 Qxh3
28. Bg2 Qc8 29. Qe2 Qd7 30. Nb5 Rfd8 31. Bd5 Bf8 32. Bd4 Re8 33. Rg3 Qf5 34.
Be4 Qxf4 35. Rf3 Qg5+ 36. Kf1 Bb4 37. Bd5 Qc1+ 38. Kf2 Re7 39. e6 Bc5 40. Qe5
Qd2+ 41. Kg3 Bxd4 42. exf7+ 1-0

[Event "First Saturday 2009 november FM-A"]
[Site "Budapest"]
[Date "2009.11.09"]
[Round "3"]
[White "Lantos, Attila"]
[Black "Darazs, Zoltan"]
[Result "1/2-1/2"]
[WhiteElo "2005"]
[BlackElo "2232"]
[PlyCount "92"]
[EventDate "2009.11.07"]

1. e4 c5 2. Nf3 Nc6 3. Nc3 Nf6 4. Bb5 Nd4 5. Bc4 d6 6. h3 e6 7. d3 Bd7 8. a4 a6
9. Nxd4 cxd4 10. Ne2 b5 11. Bb3 Qb6 12. a5 Qc5 13. O-O Be7 14. f4 O-O 15. g4
Nxe4 16. Kh2 Nf6 17. Ng3 d5 18. g5 Ne8 19. Qe2 Nd6 20. f5 Nxf5 21. Nxf5 exf5
22. Bf4 Bd6 23. Qf3 Be6 24. h4 Rac8 25. Kh1 Qc7 26. Bd2 Qc6 27. Rae1 Rcd8 28.
h5 Rfe8 29. g6 f4 30. Rg1 Be7 31. gxh7+ Kxh7 32. Bxf4 Bf6 33. h6 g6 34. Bc1 Bf5
35. Rxe8 Rxe8 36. Bf4 Qe6 37. Bxd5 Qe2 38. Qxe2 Rxe2 39. Rg2 Rxg2 40. Kxg2 g5
41. Bg3 Bc8 42. Bxf7 Bb7+ 43. Kh3 Kxh6 44. Be6 Kh5 45. Bg4+ Kg6 46. Be6 Kh5
1/2-1/2

[Event "First Saturday 2009 november FM-A"]
[Site "Budapest"]
[Date "2009.11.09"]
[Round "3"]
[White "Radnai, Adam"]
[Black "Mayer, Istvan"]
[Result "0-1"]
[WhiteElo "2229"]
[BlackElo "2152"]
[PlyCount "74"]
[EventDate "2009.11.07"]

1. e4 e6 2. Qe2 c5 3. g3 Nc6 4. c3 d6 5. f4 g6 6. Nf3 Bg7 7. d3 Nge7 8. Be3 b6
9. h4 h5 10. Bh3 e5 11. Bxc8 Qxc8 12. Nbd2 Qd7 13. Rc1 d5 14. fxe5 Nxe5 15. d4
Nxf3+ 16. Qxf3 cxd4 17. cxd4 O-O 18. O-O dxe4 19. Nxe4 Nf5 20. Bf2 Rad8 21.
Rfd1 Qd5 22. g4 hxg4 23. Qxg4 Rfe8 24. Nc3 Qd7 25. d5 Re5 26. a4 Qe7 27. a5 Ne3
28. Qf3 Nxd1 29. Rxd1 bxa5 30. Bg3 Qc5+ 31. Bf2 Qb4 32. Qd3 a4 33. Bxa7 Rh5 34.
Bf2 a3 35. d6 axb2 36. Be1 Be5 37. Ne2 Qxd6 0-1

[Event "First Saturday 2009 november FM-A"]
[Site "Budapest"]
[Date "2009.11.09"]
[Round "3"]
[White "Henrichsen, Jens"]
[Black "Lakat, Gyula"]
[Result "1-0"]
[WhiteElo "1975"]
[BlackElo "1956"]
[PlyCount "105"]
[EventDate "2009.11.07"]

1. d4 Nf6 2. Nf3 e6 3. c4 c5 4. d5 exd5 5. cxd5 d6 6. Nc3 g6 7. e4 Bg4 8. Qa4+
Bd7 9. Qd1 Bg7 10. h3 a6 11. a4 O-O 12. Bd3 Re8 13. O-O c4 14. Bc2 Qc8 15. Bf4
Qc5 16. Qd2 a5 17. Rfe1 Nh5 18. Be3 Qc8 19. Bd4 f6 20. Kh2 g5 21. Nb5 Bxb5 22.
axb5 Nd7 23. Rxa5 b6 24. Rxa8 Qxa8 25. Qe3 Nc5 26. Bxc5 bxc5 27. Qc3 Qa2 28.
Qa3 Ra8 29. Qxa2 Rxa2 30. Rb1 c3 31. bxc3 Ra8 32. b6 Bf8 33. b7 Rb8 34. Ba4 Be7
35. Bc6 Bd8 36. Ra1 Kf7 37. Nd2 Bc7 38. Ra8 Nf4 39. Rxb8 Bxb8 40. Bb5 Ng6 41.
Nc4 Ke7 42. Na5 Kd8 43. Nc6+ Kc7 44. Nxb8 Kxb8 45. Bc6 Ne5 46. g3 Nc4 47. Kg2
Na5 48. f4 h6 49. fxg5 hxg5 50. h4 gxh4 51. gxh4 Nc4 52. h5 Ne5 53. h6 1-0

[Event "First Saturday 2009 november FM-A"]
[Site "Budapest"]
[Date "2009.11.09"]
[Round "3"]
[White "Hocevar, Nikola"]
[Black "Johansen, Arlid"]
[Result "1/2-1/2"]
[WhiteElo "2104"]
[BlackElo "2084"]
[PlyCount "27"]
[EventDate "2009.11.07"]

1. d4 d5 2. Nf3 Nf6 3. e3 e6 4. Nbd2 c5 5. c3 Nc6 6. Bd3 Bd6 7. O-O O-O 8. e4
cxd4 9. cxd4 dxe4 10. Nxe4 Be7 11. Nc3 b6 12. a3 Bb7 13. h3 Rc8 14. Be3 1/2-1/2

[Event "First Saturday 2009 november FM-A"]
[Site "Budapest"]
[Date "2009.11.09"]
[Round "3"]
[White "Jasz, Peter"]
[Black "Rendi, Eva"]
[Result "0-1"]
[WhiteElo "2001"]
[BlackElo "2128"]
[PlyCount "69"]
[EventDate "2009.11.07"]

1. e4 c5 2. Nf3 d6 3. d4 cxd4 4. Nxd4 Nf6 5. Nc3 a6 6. Be2 e5 7. Nb3 Be6 8. f4
Nc6 9. f5 Bxb3 10. axb3 Qb6 11. g4 h6 12. Nd5 Nxd5 13. exd5 Nd4 14. Bc4 Be7 15.
h4 e4 16. Be3 Nxc2+ 17. Qxc2 Qxe3+ 18. Qe2 Qg3+ 19. Qf2 Qxf2+ 20. Kxf2 Bf6 21.
Ke3 O-O 22. Rh2 Rfe8 23. Rg1 Bd8 24. Kf4 Bb6 25. Rd1 Re5 26. g5 Rae8 27. gxh6
gxh6 28. Rg2+ Kh8 29. f6 Bd8 30. Rf1 e3 31. Rg7 Bxf6 32. Rxf7 Bxh4 33. Bd3 e2
34. Rh7+ Kg8 35. Bxe2 0-1

[Event "First Saturday 2009 november FM-A"]
[Site "Budapest"]
[Date "2009.11.10"]
[Round "4"]
[White "Zoltan, Andras"]
[Black "Jasz, Peter"]
[Result "1/2-1/2"]
[WhiteElo "1995"]
[BlackElo "2001"]
[PlyCount "68"]
[EventDate "2009.11.07"]

1. e4 c5 2. d4 cxd4 3. c3 dxc3 4. Nxc3 d6 5. Bc4 e6 6. Nf3 Nc6 7. O-O Nf6 8.
Qe2 Be7 9. Rd1 Nd7 10. Nb5 Nde5 11. Nxe5 Nxe5 12. Bf4 Qb6 13. Be3 Qd8 14. f4
Nc6 15. Nxd6+ Bxd6 16. e5 O-O 17. Rxd6 Qc7 18. Rad1 Ne7 19. g4 Nd5 20. Bxd5
exd5 21. R6xd5 b6 22. Rd6 Bb7 23. Qd3 Bf3 24. Rc1 Qe7 25. g5 Bg4 26. Kf2 Qb7
27. Bd2 g6 28. Bc3 Be6 29. Qd4 Rac8 30. b3 b5 31. Re1 Qc7 32. Re3 Qb7 33. Kg3
Qh1 34. Re1 Qb7 1/2-1/2

[Event "First Saturday 2009 november FM-A"]
[Site "Budapest"]
[Date "2009.11.10"]
[Round "4"]
[White "Mayer, Istvan"]
[Black "Henrichsen, Jens"]
[Result "1-0"]
[WhiteElo "2152"]
[BlackElo "1975"]
[PlyCount "74"]
[EventDate "2009.11.07"]

1. e4 c5 2. Nf3 Nc6 3. Nc3 Nf6 4. d4 cxd4 5. Nxd4 e5 6. Ndb5 d6 7. Bg5 a6 8.
Na3 b5 9. Nd5 Be7 10. Bxf6 Bxf6 11. c3 O-O 12. Nc2 Bg5 13. a4 bxa4 14. Rxa4 a5
15. Bc4 Kh8 16. O-O g6 17. b4 Bb7 18. Nce3 axb4 19. Rxa8 Bxa8 20. cxb4 f5 21.
b5 Ne7 22. Nxe7 Bxe7 23. exf5 gxf5 24. Qh5 f4 25. Nd5 Rg8 26. g3 Rg5 27. Qf7
Rg7 28. Qe6 Bh4 29. Ra1 fxg3 30. hxg3 Rg6 31. Qf7 Rg7 32. Qh5 Bg5 33. b6 Bc6
34. Ra7 Bf4 35. Rxg7 Kxg7 36. gxf4 exf4 37. Nxf4 d5 1-0

[Event "First Saturday 2009 november FM-A"]
[Site "Budapest"]
[Date "2009.11.10"]
[Round "4"]
[White "Darazs, Zoltan"]
[Black "Radnai, Adam"]
[Result "0-1"]
[WhiteElo "2232"]
[BlackElo "2229"]
[PlyCount "58"]
[EventDate "2009.11.07"]

1. e4 d5 2. exd5 Nf6 3. c4 c6 4. d4 cxd5 5. Nc3 e6 6. Nf3 Be7 7. c5 O-O 8. b4
a5 9. b5 Ne4 10. Bb2 a4 11. Nxe4 dxe4 12. Ne5 Nd7 13. Nc4 b6 14. c6 Bb4+ 15.
Nd2 a3 16. Bc1 Nf6 17. Qb3 Qxd4 18. Rb1 Ng4 19. Qg3 f5 20. h3 Nxf2 21. Rxb4
Nxh1 22. Rxd4 Nxg3 23. Nc4 Nxf1 24. Nxb6 Rb8 25. Nd7 Rxb5 26. Nxf8 Kxf8 27.
Rd8+ Kf7 28. Rxc8 Rb1 29. Kd1 e3 0-1

[Event "First Saturday 2009 november FM-A"]
[Site "Budapest"]
[Date "2009.11.10"]
[Round "4"]
[White "Mester, Attila"]
[Black "Lantos, Attila"]
[Result "0-1"]
[WhiteElo "2092"]
[BlackElo "2005"]
[PlyCount "116"]
[EventDate "2009.11.07"]

1. e4 e6 2. d3 a6 3. g3 b5 4. Bg2 Bb7 5. f4 f5 6. Qh5+ g6 7. Qe2 fxe4 8. dxe4
Nc6 9. Nf3 Bg7 10. c3 Nge7 11. O-O O-O 12. Be3 Qe8 13. Nbd2 Rd8 14. Nb3 h6 15.
Rad1 Bc8 16. Bh3 Kh7 17. Nc5 Ng8 18. Rfe1 d6 19. Nb3 Nf6 20. Bc1 Nh5 21. Qd3 e5
22. f5 g5 23. Qc2 Bf6 24. Nbd2 Rg8 25. g4 Nf4 26. Bg2 h5 27. h3 Kg7 28. Nf1 h4
29. Ne3 Ne7 30. b3 Bb7 31. c4 c5 32. Nd5 Bxd5 33. cxd5 Kf8 34. Bxf4 gxf4 35.
Qf2 Qf7 36. Nxh4 Qh7 37. Nf3 Nc8 38. Rc1 Re8 39. Qd2 Bd8 40. Kf1 Nb6 41. Ke2
Qa7 42. Rg1 a5 43. Bf1 c4 44. Kd1 a4 45. bxc4 Nxc4 46. Bxc4 bxc4 47. Rxc4 Bb6
48. Rg2 Qa6 49. Qc2 Ra8 50. g5 Kg7 51. g6 Rgc8 52. Rc6 Qf1+ 53. Ne1 f3 54. f6+
Kxf6 55. Rxd6+ Kg7 56. Rd7+ Kg8 57. Qd2 fxg2 58. Qh6 Qxe1+ 0-1

[Event "First Saturday 2009 november FM-A"]
[Site "Budapest"]
[Date "2009.11.11"]
[Round "5"]
[White "Radnai, Adam"]
[Black "Mester, Attila"]
[Result "0-1"]
[WhiteElo "2229"]
[BlackElo "2092"]
[PlyCount "66"]
[EventDate "2009.11.07"]

1. e4 c5 2. Nf3 Nc6 3. Bb5 Qb6 4. Nc3 e6 5. Bxc6 bxc6 6. d3 d5 7. O-O Nf6 8.
Re1 Be7 9. b3 O-O 10. Ba3 Qd8 11. Na4 Nd7 12. c4 Bb7 13. Rc1 Rc8 14. exd5 cxd5
15. d4 cxd4 16. c5 Re8 17. Nxd4 e5 18. Nf5 Bf8 19. Qg4 Rc6 20. Nd6 Bxd6 21.
cxd6 Nf6 22. Qb4 Ba8 23. Rxc6 Bxc6 24. Rc1 a5 25. Qc5 Bxa4 26. bxa4 d4 27. Qa7
d3 28. Kf1 Qd7 29. Qxa5 Qg4 30. f3 Qf4 31. Qb5 Qd4 32. Qc4 d2 33. Qxd4 dxc1=Q+
0-1

[Event "First Saturday 2009 november FM-A"]
[Site "Budapest"]
[Date "2009.11.11"]
[Round "5"]
[White "Henrichsen, Jens"]
[Black "Darazs, Zoltan"]
[Result "0-1"]
[WhiteElo "1975"]
[BlackElo "2232"]
[PlyCount "48"]
[EventDate "2009.11.07"]

1. d4 Nf6 2. c4 g6 3. Nc3 d5 4. Qb3 dxc4 5. Qxc4 Bg7 6. e4 O-O 7. Be2 a6 8. Bf4
b5 9. Qxc7 Qxc7 10. Bxc7 Bb7 11. f3 Nc6 12. Rd1 Rac8 13. Bg3 Na5 14. Bf2 b4 15.
Na4 Nd7 16. Be3 Bc6 17. Nc5 Nxc5 18. dxc5 Bxb2 19. Bxa6 Ra8 20. Bd3 Rfd8 21.
Nh3 Ba4 22. Rb1 Rxd3 23. Ke2 Rad8 24. Nf4 Bc2 0-1

[Event "First Saturday 2009 november FM-A"]
[Site "Budapest"]
[Date "2009.11.11"]
[Round "5"]
[White "Jasz, Peter"]
[Black "Johansen, Arlid"]
[Result "1-0"]
[WhiteElo "2001"]
[BlackElo "2084"]
[PlyCount "55"]
[EventDate "2009.11.07"]

1. e4 c6 2. d4 d5 3. exd5 cxd5 4. Bd3 Nf6 5. c3 Nc6 6. Bf4 Bg4 7. Qb3 Qd7 8.
Nd2 a6 9. Ngf3 e6 10. Ne5 Nxe5 11. dxe5 Ng8 12. O-O Ne7 13. a4 Bh5 14. Bg3 Bg6
15. Be2 Nf5 16. Bf4 Bc5 17. Rfd1 Qc7 18. a5 O-O 19. Nf3 Bh5 20. Ra4 Rab8 21.
Qc2 h6 22. h3 g5 23. Nxg5 Bxe2 24. Qxe2 hxg5 25. Bxg5 Be7 26. Bf6 Rfd8 27. Qh5
Ng7 28. Bxg7 1-0

[Event "First Saturday 2009 november FM-A"]
[Site "Budapest"]
[Date "2009.11.11"]
[Round "5"]
[White "Rendi, Eva"]
[Black "Zoltan, Andras"]
[Result "0-1"]
[WhiteElo "2128"]
[BlackElo "1995"]
[PlyCount "54"]
[EventDate "2009.11.07"]

1. e4 e5 2. Nf3 Nc6 3. Bb5 Bc5 4. O-O Nf6 5. c3 O-O 6. d4 Bb6 7. Bg5 d6 8. Bxc6
bxc6 9. dxe5 dxe5 10. Qxd8 Rxd8 11. Nxe5 Ba6 12. Bxf6 gxf6 13. Nxc6 Bxf1 14.
Nxd8 Bb5 15. Na3 Bd7 16. Nxf7 Kxf7 17. Kf1 Be6 18. b3 Rd8 19. Ke2 f5 20. e5 f4
21. g3 f3+ 22. Kxf3 Rd2 23. Rf1 Bh3 24. Re1 Rxf2+ 25. Ke4 Ke6 26. Kd3 Rxa2 27.
Nc4 Bf5+ 0-1

[Event "First Saturday 2009 november FM-A"]
[Site "Budapest"]
[Date "2009.11.12"]
[Round "6"]
[White "Johansen, Arlid"]
[Black "Rendi, Eva"]
[Result "1/2-1/2"]
[WhiteElo "2084"]
[BlackElo "2128"]
[PlyCount "30"]
[EventDate "2009.11.07"]

1. c4 Nf6 2. g3 e6 3. Bg2 d5 4. d4 Bb4+ 5. Bd2 Be7 6. Qc2 O-O 7. Nf3 Nc6 8. O-O
Ne4 9. Bc3 Bf6 10. e3 Rb8 11. Nbd2 Nxc3 12. Qxc3 g6 13. Rfd1 Bg7 14. Rac1 Ne7
15. Qc2 c6 1/2-1/2

[Event "First Saturday 2009 november FM-A"]
[Site "Budapest"]
[Date "2009.11.12"]
[Round "6"]
[White "Lakat, Gyula"]
[Black "Jasz, Peter"]
[Result "0-1"]
[WhiteElo "1956"]
[BlackElo "2001"]
[PlyCount "56"]
[EventDate "2009.11.07"]

1. d4 Nf6 2. Nf3 g6 3. c4 Bg7 4. Nc3 d6 5. e4 O-O 6. Be2 e5 7. Be3 Nc6 8. d5
Ne7 9. h3 Nh5 10. g4 Nf4 11. Bxf4 exf4 12. Qd2 f6 13. Qxf4 g5 14. Qg3 Ng6 15.
O-O-O Bd7 16. h4 h6 17. Bd3 Nf4 18. Ne2 Nxd3+ 19. Rxd3 b5 20. Ned4 bxc4 21. Rc3
Qe8 22. Re1 Rb8 23. Rxc4 Rb6 24. b3 Qc8 25. Nf5 Qa6 26. Kb2 Qxc4 27. hxg5 fxg5+
28. Nxg7 Kxg7 0-1

[Event "First Saturday 2009 november FM-A"]
[Site "Budapest"]
[Date "2009.11.12"]
[Round "6"]
[White "Mester, Attila"]
[Black "Henrichsen, Jens"]
[Result "1/2-1/2"]
[WhiteElo "2092"]
[BlackElo "1975"]
[PlyCount "145"]
[EventDate "2009.11.07"]

1. e4 c5 2. Nf3 Nc6 3. Bb5 e6 4. c3 Nge7 5. d3 a6 6. Ba4 g6 7. Nbd2 b5 8. Bc2
Bg7 9. Qe2 d6 10. a3 Bb7 11. Rb1 Rc8 12. h4 h5 13. Ng5 Qd7 14. Nf1 Ng8 15. Ne3
Nh6 16. Bd2 a5 17. a4 b4 18. Nc4 Qe7 19. Bb3 Rd8 20. Ne3 Ba6 21. f4 Rb8 22. Kd1
Qd7 23. Rf1 Ne7 24. Kc2 Qc6 25. f5 gxf5 26. exf5 bxc3 27. bxc3 Be5 28. fxe6 f6
29. Qxh5+ Kd8 30. Nf3 Kc7 31. Nxe5 dxe5 32. Qf3 Qxf3 33. Rxf3 Rbd8 34. Bc4 Bxc4
35. Nxc4 Nhf5 36. g3 Rhg8 37. Be1 Rg4 38. Rb5 e4 39. Rxc5+ Kb7 40. dxe4 Rxe4
41. Bf2 Rc8 42. Nxa5+ Kb8 43. Rxc8+ Kxc8 44. Kb3 Rxe6 45. c4 Nd6 46. Kb4 Ne4
47. Be3 Ng6 48. Bf4 Rb6+ 49. Ka3 Nxf4 50. gxf4 Nd2 51. Rd3 Ne4 52. Nb3 Nd6 53.
Rc3 Ne4 54. Rc2 f5 55. a5 Rh6 56. Rh2 Kb7 57. Kb4 Ng3 58. Nd4 Nh5 59. c5 Nxf4
60. Nxf5 Rh5 61. Nd6+ Kc6 62. Ne4 Re5 63. Ng3 Rxc5 64. h5 Nd5+ 65. Ka4 Rc4+ 66.
Ka3 Rc3+ 67. Kb2 Rxg3 68. h6 Rg8 69. h7 Rh8 70. Rh6+ Kb7 71. Kb3 Nf6 72. Rxf6
Rxh7 73. Kb4 1/2-1/2

[Event "First Saturday 2009 november FM-A"]
[Site "Budapest"]
[Date "2009.11.12"]
[Round "6"]
[White "Lantos, Attila"]
[Black "Radnai, Adam"]
[Result "0-1"]
[WhiteElo "2005"]
[BlackElo "2229"]
[PlyCount "48"]
[EventDate "2009.11.07"]

1. e4 d5 2. exd5 Nf6 3. d4 Nxd5 4. c4 Nb6 5. Nc3 e5 6. d5 Bc5 7. a3 a5 8. Qh5
O-O 9. Bg5 Qd7 10. Bd3 f5 11. Nh3 c6 12. O-O-O cxd5 13. cxd5 Bd4 14. Bd2 Na6
15. Ng5 g6 16. Qh6 Nc5 17. Bb5 Qg7 18. Qxg7+ Kxg7 19. Nf3 f4 20. Rhe1 Bd7 21.
Bxd7 Nd3+ 22. Kb1 Nxe1 23. Nxd4 exd4 24. Nb5 Nxd7 0-1